Estatísticas para Cultura Geral

Clique aqui para jogar o quiz

Estatísticas Gerais

  • Esse quiz foi jogado 23 vezes
  • A pontuação média é 6 de 15

Estatísticas das Respostas

HintResposta% Correto
Que cidade foi supostamente fundada por Rómulo e Remo?Roma
80%
Em que península ficam a Espanha e Portugal?Ibérica
75%
Em que clube joga atualmente Cristiano Ronaldo?Manchester United
65%
A bandeira do antigo país apresentava um martelo e uma foice?União Soviética
65%
Qual empresa adquiriu os direitos da franquia "Star Wars" em 2012?Walt Disney
65%
O que significa "C'est la vie" em português?É a vida
55%
Que estreito divide Marrocos e Espanha?Estreito de Gibraltar
45%
O que a stevia substituí?Açúcar
35%
Qual é o aeroporto mais movimentado de Paris?Charles de Gaulle
30%
Que ex estrela da Disney namorou com Joe Jonas?Demi Lovato
30%
Quem canta a música More Than Words?Extreme
20%
De que língua vem a palavra tsunami?Japonesa
20%
Em que parque londrino se encontraria o "Speakers' Corner"?Hyde Park
15%
Durante qual feriado alguém acenderia uma menorá?Hanukkah
5%
Qual mosteiro budista na China é famoso pelas artes marciais?Shaolin
5%

Distribuição das Pontuações

Percentil de Números Respondidos

Porcentagem de Pessoas com Cada Pontuação

Sua Pontuação Histórica

Você não jogou esse quiz